Ballon d‘Or Gewinner der Bundesliga - Statistiken

Allgemein
  • Dieses Quiz wurde 67 mal gespielt
    53 seit der letzten Aktualisierung
  • Das Durchschnittsergebnis liegt bei 5 aus 7
Antwortstatistiken
Hint Antwort % Korrekt
1972 Franz Beckenbauer
96%
1976 Franz Beckenbauer
96%
1970 Gerd Müller
90%
1980 Karl-Heinz Rummenigge
81%
1981 Karl-Heinz Rummenigge
81%
1996 Matthias Sammer
27%
1977 Allan Simonsen
23%
Keine übereinstimmenden Quizze gefunden
Verteilung der Resultate
Anzahl Personen mit jedem Resultat
Perzentil nach korrekt beantworteten Fragen
Ihre Resultats-Entwicklung
Sie haben dieses Quiz seit der letzten Aktualisierung nicht gespielt